| 000 | 00598cam a2200193 4500500 | ||
|---|---|---|---|
| 005 | 20260329003053.0 | ||
| 041 | _afre | ||
| 042 | _adc | ||
| 100 | 1 | 0 |
_aPastorini, Chiara _eauthor |
| 245 | 0 | 0 | _aMon bon génie. Gershom Scholem ou la visée éthique |
| 260 | _c2014. | ||
| 500 | _a22 | ||
| 690 | _aBêtise | ||
| 690 | _aGershom Scholem | ||
| 690 | _aHeinz Wismann | ||
| 690 | _aintelligence | ||
| 786 | 0 | _nPhilosophie magazine | 82 | 9 | 2014-09-01 | p. 39-39 | 1951-1787 | |
| 856 | 4 | 1 | _uhttps://shs.cairn.info/magazine-philosophie-magazine-2014-9-page-39?lang=fr&redirect-ssocas=7080 |
| 999 |
_c1821168 _d1821169 |
||